KOHA-Header-6

Shakespeare : Romeo And Juliet (Record no. 7220)

000 -LEADER
fixed length control field 00261nam a2200109Ia 4500
100 ## - MAIN ENTRY--AUTHOR NAME
Personal name Rex Gibson
245 #0 - TITLE STATEMENT
Title Shakespeare : Romeo And Juliet
260 ## - PUBLICATION, DISTRIBUTION, ETC. (IMPRINT)
Place of publication UK
Name of publisher Universal Book
Year of publication 1995
300 ## - PHYSICAL DESCRIPTION
Number of Pages 220
942 ## - ADDED ENTRY ELEMENTS (KOHA)
Koha item type Books
Holdings
Withdrawn status Lost status Collection code Permanent Location Current Location Shelving location Date acquired Full call number Accession Number Koha item type
      MAJU MAJU Shelf No.A23 2019-09-12 346.549 973 English Literature

Powered by Koha